|
|
|
|
| LEADER |
00000nas a2200000 a 4500 |
| 001 |
ssj0012538 |
| 003 |
WaSeSS |
| 005 |
20200512172242.0 |
| 006 |
m d |
| 007 |
cr n |
| 008 |
990823c199u9999ilubr pss 0 0eng c |
| 010 |
|
|
|a sn 99050071
|
| 022 |
|
|
|y 0011-5568
|
| 035 |
|
|
|a (WaSeSS)ssj0012538
|
| 040 |
|
|
|a UMC
|b eng
|c UMC
|d AGL
|d OCLCQ
|d AGL
|d OCLCQ
|d AGL
|d UMC
|d OCLCQ
|d OCLCO
|d OCLCQ
|d OCLCF
|d OCLCQ
|d WaSeSS
|
| 042 |
|
|
|a pcc
|
| 050 |
|
4 |
|a TX377
|b .N37
|
| 070 |
0 |
|
|a TX377
|b .D36
|
| 072 |
|
0 |
|a T000
|
| 072 |
|
0 |
|a T200
|
| 072 |
|
0 |
|a Q100
|
| 130 |
0 |
|
|a Dairy Council digest (Online)
|
| 245 |
1 |
0 |
|a Dairy Council digest
|h [electronic resource].
|
| 260 |
|
|
|a Rosemont, IL :
|b National Dairy Council
|
| 310 |
|
|
|a Six no. a year
|
| 362 |
1 |
|
|a Coverage as of Aug. 23, 1999: vol. 68, no. 1 (Jan./Feb. 1997)-
|
| 506 |
|
|
|a License restrictions may limit access.
|
| 538 |
|
|
|a Mode of access: World Wide Web.
|
| 580 |
|
|
|a Continues a paper format publication with the same title.
|
| 588 |
|
|
|a Description based on: Vol. 68, no. 1 (Jan./Feb. 1997) (viewed Aug. 23, 1999); title from journal contents page.
|
| 588 |
|
|
|a Latest issue consulted: Vol. 71, no. 1 (Jan./Feb. 2000).
|
| 650 |
|
0 |
|a Nutrition
|x Research
|v Periodicals.
|
| 650 |
|
7 |
|a Nutrition
|x Research.
|2 fast
|0 (OCoLC)fst01042241
|
| 655 |
|
0 |
|a Electronic journals.
|
| 710 |
2 |
|
|a National Dairy Council.
|
| 780 |
0 |
0 |
|a National Dairy Council.
|t Dairy Council digest
|x 0011-5568
|w (DLC)sc 77000736
|w (OCoLC)1759176
|
| 850 |
|
|
|a MdU
|
| 856 |
4 |
0 |
|z Full text available from Research Library: 03/01/1998 to 11/30/1998
|u https://search.proquest.com/publication/29860
|